<?xml version="1.0" encoding="UTF-8"?>
<record
    xmlns:xsi="http://www.w3.org/2001/XMLSchema-instance"
    xsi:schemaLocation="http://www.loc.gov/MARC21/slim http://www.loc.gov/standards/marcxml/schema/MARC21slim.xsd"
    xmlns="http://www.loc.gov/MARC21/slim">

  <leader>01238nam a2200265 a 4500</leader>
  <controlfield tag="001">BRCA_8811</controlfield>
  <controlfield tag="005">20190320210424.0</controlfield>
  <controlfield tag="008">240417s1777----sp-#######---#000-0#spa-#</controlfield>
  <datafield tag="041" ind1=" " ind2=" ">
    <subfield code="a">latspa</subfield>
  </datafield>
  <datafield tag="044" ind1=" " ind2=" ">
    <subfield code="a">sp</subfield>
  </datafield>
  <datafield tag="084" ind1=" " ind2=" ">
    <subfield code="a">BE192</subfield>
    <subfield code="b">.V57 1777</subfield>
  </datafield>
  <datafield tag="100" ind1="1" ind2=" ">
    <subfield code="a">Virgilio Mar&#xF3;n</subfield>
    <subfield code="d">70- 19 a.C.</subfield>
    <subfield code="9">21953</subfield>
  </datafield>
  <datafield tag="245" ind1="1" ind2="0">
    <subfield code="a">Continuaci&#xF3;n de la Eneida de Publio Virgilio Maron</subfield>
    <subfield code="c">traducida por el Doctor Gregorio Hern&#xE1;ndez de Velazco; El suplemento de la Eneida de Mafeo Veggio; Poes&#xED;a sobre el testamento de Virgilio; La letra de Pithagoras; Todas las dichas Obras con las traducciones del Doctor Gregorio Hern&#xE1;ndez de Velazco; Declaraci&#xF3;n del mismo, que sirven de &#xED;ndice: i los catalectos de Virgilio.</subfield>
  </datafield>
  <datafield tag="260" ind1=" " ind2=" ">
    <subfield code="a">En Valencia</subfield>
    <subfield code="b">En la Oficina de Joseph I Thomas de Orga</subfield>
    <subfield code="c">1777</subfield>
  </datafield>
  <datafield tag="300" ind1=" " ind2=" ">
    <subfield code="a">672 p.</subfield>
    <subfield code="c">18.1 x 11 cm</subfield>
  </datafield>
  <datafield tag="500" ind1=" " ind2=" ">
    <subfield code="a">Con las licencias necesarias</subfield>
  </datafield>
  <datafield tag="500" ind1=" " ind2=" ">
    <subfield code="a">Estado f&#xED;sico: presenta encuadernaci&#xF3;n en pergamino con cintas rotas y presencia del pez de plata</subfield>
  </datafield>
  <datafield tag="546" ind1=" " ind2=" ">
    <subfield code="a">Texto en: lat&#xED;n y espa&#xF1;ol</subfield>
  </datafield>
  <datafield tag="650" ind1="1" ind2="4">
    <subfield code="a">Poes&#xED;a latina</subfield>
    <subfield code="9">21954</subfield>
  </datafield>
  <datafield tag="700" ind1="1" ind2=" ">
    <subfield code="a">Hern&#xE1;ndez de Velazco, Gregorio</subfield>
    <subfield code="e">tr.</subfield>
    <subfield code="9">21955</subfield>
  </datafield>
  <datafield tag="700" ind1="1" ind2=" ">
    <subfield code="a">Orga, Thomas de</subfield>
    <subfield code="e">Impresor</subfield>
    <subfield code="9">21956</subfield>
  </datafield>
  <datafield tag="700" ind1="1" ind2=" ">
    <subfield code="a">Orga, Jos&#xE9; de</subfield>
    <subfield code="e">Impresor</subfield>
    <subfield code="9">21957</subfield>
  </datafield>
  <datafield tag="902" ind1=" " ind2=" ">
    <subfield code="a">CFM</subfield>
  </datafield>
  <datafield tag="942" ind1=" " ind2=" ">
    <subfield code="2">lcc</subfield>
    <subfield code="c">B</subfield>
  </datafield>
  <datafield tag="999" ind1=" " ind2=" ">
    <subfield code="c">8462</subfield>
    <subfield code="d">8462</subfield>
  </datafield>
  <datafield tag="952" ind1=" " ind2=" ">
    <subfield code="0">0</subfield>
    <subfield code="1">0</subfield>
    <subfield code="4">0</subfield>
    <subfield code="7">0</subfield>
    <subfield code="a">BRCA</subfield>
    <subfield code="b">BRCA</subfield>
    <subfield code="d">2017-04-24</subfield>
    <subfield code="l">0</subfield>
    <subfield code="o">BE192 .V57 1777</subfield>
    <subfield code="p">CFM00138</subfield>
    <subfield code="r">2019-03-22 00:00:00</subfield>
    <subfield code="w">2019-03-22</subfield>
    <subfield code="y">B</subfield>
  </datafield>
</record>
